LIBRARY ONLINE CATALOGUE

Tanzania before 1900. (Record no. 12319)

MARC details
000 -LEADER
fixed length control field 00471cam a22001812 4500
001 - CONTROL NUMBER
control field 0000000445
005 - DATE AND TIME OF LATEST TRANSACTION
control field 20151217155801.0
008 - FIXED-LENGTH DATA ELEMENTS--GENERAL INFORMATION
fixed length control field 070201s xx 000 0 eng d
040 ## - CATALOGING SOURCE
Original cataloging agency KABU
Transcribing agency KABU
050 #0 - LIBRARY OF CONGRESS CALL NUMBER
Classification number DT447
Item number .T36
245 10 - TITLE STATEMENT
Title Tanzania before 1900.
260 ## - PUBLICATION, DISTRIBUTION, ETC. (IMPRINT)
Place of publication, distribution, etc. Nairobi :
Name of publisher, distributor, etc. EAPH,
Date of publication, distribution, etc. 1968.
300 ## - PHYSICAL DESCRIPTION
Extent xx, 162 p.
651 #0 - SUBJECT ADDED ENTRY--GEOGRAPHIC NAME
Geographic name Tanzania
General subdivision History.
-- 0000148641
908 ## - PUT COMMAND PARAMETER (RLIN)
Put command parameter 070201
950 ## - LOCAL HOLDINGS (RLIN)
-- 1
Holdings
Withdrawn status Lost status Source of classification or shelving scheme Not for loan Home library Current library Date acquired Total Checkouts Full call number Barcode Date last seen Price effective from Koha item type
    Library of Congress Classification   Kabarak, Main Campus Kabarak, Main Campus 17/12/2015   DT447 .T36 001810 17/12/2015 17/12/2015 Africana Collection